000 00614nam a2200193Ia 4500
005 20260114185629.0
008 008 260114s9999 xx 000 0 eng d
020 _a9781474296168
037 _aEBOOK
040 _aCRL
_beng
_cCRL
041 _aeng
_2eng
084 _qCRL
100 _aGeoff Eley, Jennifer L. Jenkins and Tracie Matysik
_9872443
245 0 _aGerman Modernities From Wilhelm to Weimar A Contest of Futures
260 _bBloomsbury
_c2016
856 _uhttps://doi.org/10.5040/9781474296168?locatt=label:secondary_bloomsburyCollections
942 _cEBOOK
999 _c1471391
_d1471391